Statistics for African Countries by Demonyms - Map Quiz

Click here to take the quiz!

General Stats

  • This quiz has been taken 107 times
  • The average score is 48 of 54

Answer Stats

Answer % Correct
Moroccan
98%
Libyan
97%
Algerian
97%
Tunisian
95%
Egyptian
95%
Djiboutian
95%
Eritrean
95%
South African
94%
Congolese (Dem. Rep.)
94%
Angolan
94%
South Sudanese
92%
Ethiopian
92%
Swazi
92%
Somali
92%
Malagasy
92%
Mozambican
92%
Tanzanian
91%
Zimbabwean
91%
Rwandan
91%
Kenyan
91%
Sudanese
91%
Burundian
89%
Central African
89%
Burkinabé
89%
Cameroonian
89%
Equatorial Guinean
89%
Chadian
89%
Ugandan
89%
Congolese (Rep. of)
89%
Gambian
89%
Gabonese
88%
Togolese
88%
Namibian
86%
Bissau-Guinean
86%
Nigerien
86%
Malian (Malinese)
86%
São Toméan
85%
Nigerian
85%
Comoran (Comorian)
85%
Ghanaian
85%
Malawian
85%
Senegalese
85%
Mauritanian
83%
Mauritian
83%
Zambian
83%
Ivorian
83%
Cape Verdean
82%
Guinean
80%
Sierra Leonean
79%
Seychellois
79%
Beninese
79%
Motswana (Botswanan)
77%
Basotho
77%
Liberian
76%

Score Distribution

Percentile by Number Answered

Percent of People with Each Score

Your Score History

You have not taken this quiz